000 00244nam a2200085Ia 4500
008 170620s9999 xx 000 0 und d
100 _aDevi- D. Uma
245 0 _aEnvironmental Education for Rural Population
260 _bNew Delhi- Discovery Publishing House
260 _c2007
999 _c24161
_d24161